Disappearing lake : nature's magic in Denali National Park /

Describes the formation of a vernal lake in Alaska's Denali National Park and the various creatures that make their homes in and around it.

Bibliographic Details
Main Author: Miller, Debbie S.
Other Authors: Van Zyle, Jon (Illustrator)
Format: Book
Language:English
Published: New York : Walker and Co., 1997.
Subjects:

MARC

Tag First Indicator Second Indicator Subfields
LEADER 00000pam a2200000 a 4500
001 in00001409974
005 20151020070437.0
008 960827s1997 nyua b 000 0 eng
010 |a  96035107  
020 |a 0802784747 (hardcover) 
020 |a 0802784755 (reinforced) 
035 |a (OCoLC)35558922 
035 |9 AHP8913AM 
040 |a DLC  |c DLC  |d UtOrBLW 
043 |a n-us-ak 
049 |a TXAG 
050 0 0 |a QH105.A4  |b M52 1997 
082 0 0 |a 508.798/3  |2 20 
100 1 |a Miller, Debbie S. 
245 1 0 |a Disappearing lake :  |b nature's magic in Denali National Park /  |c Debbie S. Miller ; illustrations by Jon Van Zyle. 
264 1 |a New York :  |b Walker and Co.,  |c 1997. 
300 |a 1 volume (unpaged) :  |b color illustrations ;  |c 23 x 30 cm. 
336 |a text  |b txt  |2 rdacontent 
337 |a unmediated  |b n  |2 rdamedia 
338 |a volume  |b nc  |2 rdacarrier 
520 |a Describes the formation of a vernal lake in Alaska's Denali National Park and the various creatures that make their homes in and around it. 
650 0 |a Natural history  |z Alaska  |z Denali National Park and Preserve  |x Juvenile literature. 
650 0 |a Zoology  |z Alaska  |z Denali National Park and Preserve  |x Juvenile literature. 
650 0 |a Lakes  |z Alaska  |z Denali National Park and Preserve  |x Juvenile literature. 
651 0 |a Denali National Park and Preserve (Alaska)  |x Juvenile literature. 
650 1 |a Natural history  |z Alaska. 
650 1 |a Zoology  |z Alaska. 
650 1 |a Lake ecology. 
650 1 |a Ecology. 
651 1 |a Denali National Park and Preserve (Alaska) 
700 1 |a Van Zyle, Jon,  |e illustrator. 
999 |a MARS 
999 f f |s 781e6c81-9f37-3789-a774-4c6985f2d4c0  |i fa9ab8a7-d5d1-3084-a080-1e6c12913a66  |t 0 
952 f f |p normal  |a Texas A&M University  |b College Station  |c Sterling C. Evans Library  |d Evans: Curriculum Collection (4th floor)  |t 0  |e QH105.A4 M52 1997  |h Library of Congress classification  |i unmediated -- volume  |m A14822371759 
998 f f |a QH105.A4 M52 1997  |t 0  |l Evans: Curriculum Collection (4th floor)